MARC details
| 000 -CABECERA |
| campo de control de longitud fija |
03055nam a22002897a 4500 |
| 005 - FECHA Y HORA DE LA ÚLTIMA TRANSACCIÓN |
| campo de control |
20240911064234.0 |
| 007 - CAMPO FIJO DE DESCRIPCIÓN FÍSICA--INFORMACIÓN GENERAL |
| campo de control de longitud fija |
cr |||aaa||||| |
| 008 - ELEMENTOS DE LONGITUD FIJA--INFORMACIÓN GENERAL |
| campo de control de longitud fija |
240712s2021 mx|a|||fr|||| 000 0 spa d |
| 040 ## - FUENTE DE LA CATALOGACIÓN |
| Centro catalogador/agencia de origen |
MX-MxUPN |
| Lengua de catalogación |
spa |
| Normas de descripción |
aacr2 |
| Centro/agencia transcriptor |
MX-MxUPN |
| 041 0# - CÓDIGO DE IDIOMA |
| Código de lengua del texto/banda sonora o título independiente |
spa |
| 050 ## - SIGNATURA TOPOGRÁFICA DE LA BIBLIOTECA DEL CONGRESO |
| Número de clasificación |
Q127 |
| Número de documento/Ítem |
A38 |
| 245 00 - MENCIÓN DE TÍTULO |
| Título |
Articulación de saberes en las políticas públicas de ciencia, tecnología e innovación |
| Medio |
[recurso electrónico en línea] |
| 250 ## - MENCIÓN DE EDICIÓN |
| Mención de edición |
Primera edición |
| 260 ## - PUBLICACIÓN, DISTRIBUCIÓN, ETC. |
| Lugar de publicación, distribución, etc. |
Cuernavaca : |
| Nombre del editor, distribuidor, etc. |
Universidad Nacional Autónoma de México, Centro Regional de Investigaciones Multidisciplinarias , |
| Fecha de publicación, distribución, etc. |
2021 |
| 300 ## - DESCRIPCIÓN FÍSICA |
| Extensión |
1 recurso en línea (270 páginas) : |
| Otras características físicas |
PDF, EPUB |
| 490 0# - MENCIÓN DE SERIE |
| Mención de serie |
Estudios socioambientales |
| 505 00 - NOTA DE CONTENIDO CON FORMATO PREESTABLECIDO |
| Título |
El largo camino hacia el diálogo y la articulación de saberes / |
| Mención de responsabilidad |
Arturo Argueta Villamar. -- |
| Título |
Conocimientos locales y tradicionales y políticas de ciencia, tecnología e innovación / |
| Mención de responsabilidad |
Alessandro Bello. -- |
| Título |
El diálogo de saberes en la construcción de la economía social del conocimiento: el caso de Ecuador / |
| Mención de responsabilidad |
Ma. Inés Rivadeneira. -- |
| Título |
Saberes ancestrales en el marco de los sistemas de ciencia, tecnología e innovación : experiencia en El Salvador / |
| Mención de responsabilidad |
José Roberto Alegría Coto. -- |
| Título |
La articulación de políticas de ciencia, tecnología e innovación con el desarrollo local en Cuba / |
| Mención de responsabilidad |
María Esther Cruells Freixas. -- |
| Título |
Conocimientos ancestrales en la política pública de ciencia, tecnología e innovación: el caso de Costa Rica / |
| Mención de responsabilidad |
Silvia Argüello Vargas. -- |
| Título |
Saberes y prácticas tradicionales en el occidente de México: las tesis de maestría del Muséum National d’Histoire Naturelle, París, Francia, 2008-2013 / |
| Mención de responsabilidad |
Françoise Aubaile-Sallenave, Jesús Juan Rosales Adame, Serge Bahuchet. -- |
| Título |
Integrar los conocimientos y prácticas campesinos en una herramienta económica para la promoción de un producto local: el caso de los maestros mezcaleros de Zapotitlán de Vadillo, Jalisco, México / |
| Mención de responsabilidad |
Anouck Bessy, Jesús Juan Rosales Adame, Serge Bahuchet. -- |
| Título |
En busca de colegas: diversidad epistémica, diálogo de saberes y emergencia del paradigma biocultural / |
| Mención de responsabilidad |
Alberto Betancourt Posada. -- |
| Título |
Educación, conocimiento intercultural y conservación del patrimonio biocultural con énfasis en sistemas agroecológicos / |
| Mención de responsabilidad |
Francisco J. Rosado-May. -- |
| Título |
Organizaciones sociales hacia la sustentabilidad : construcción de alternativas a la crisis civilizatoria / |
| Mención de responsabilidad |
Jerónimo Chavarría Hernández, Benjamín Ortiz Espejel, Marco A. Espinoza-Guzmán. -- |
| Título |
Conocimientos indígenas, diálogo intercultural y patrimonio biocultural / |
| Mención de responsabilidad |
Maya Lorena Pérez Ruiz. |
| 506 0# - NOTA DE RESTRICCIONES AL ACCESO |
| Limitaciones de acceso |
Acceso abierto. |
| 650 #4 - ASIENTO SECUNDARIO DE MATERIA - TERMINO TEMATICO |
| Término de materia o nombre geográfico como elemento de entrada |
Ciencia y Estado |
| Subdivisión geográfica |
América Latina |
| 9 (RLIN) |
10135 |
| 650 #4 - ASIENTO SECUNDARIO DE MATERIA - TERMINO TEMATICO |
| 9 (RLIN) |
52767 |
| Término de materia o nombre geográfico como elemento de entrada |
Tecnología y estado |
| Subdivisión geográfica |
América Latina |
| 650 #4 - ASIENTO SECUNDARIO DE MATERIA - TERMINO TEMATICO |
| 9 (RLIN) |
45053 |
| Término de materia o nombre geográfico como elemento de entrada |
Investigación |
| Subdivisión geográfica |
América Latina |
| 700 1# - ASIENTO SECUNDARIO--NOMBRE DE PERSONAL |
| 9 (RLIN) |
36901 |
| Nombre de persona |
Argueta Villamar, Jorge Arturo |
| Término indicativo de función/relación |
coordinacion |
| 700 1# - ASIENTO SECUNDARIO--NOMBRE DE PERSONAL |
| 9 (RLIN) |
52766 |
| Nombre de persona |
Rojas Serrano, Coral |
| Término indicativo de función/relación |
coordinación |
| 856 40 - LOCALIZACIÓN Y ACCESO ELECTRÓNICOS |
| Identificador Uniforme del Recurso |
<a href="https://doi.org/10.22201/crim.9786073042383e.2021 ">https://doi.org/10.22201/crim.9786073042383e.2021 </a> |
| 902 ## - ELEMENTOS DE DATOS B LOCAL, LDB (RLIN) |
| Creó |
VíctorGodínez/120724 |
| 942 ## - ELEMENTOS DE PUNTO DE ACCESO ADICIONAL (KOHA) |
| Fuente del sistema de clasificación o colocación |
Library of Congress Classification |
| Tipo de ítem Koha |
Libro Electrónico |